000 00595nam a2200193 a 4500
001 19736
003 CO-ViMGA
008 141112s2004 ck r 000 u spa d
020 _a9588173337
040 _aCO-ViMGA
_bspa
_cCO-ViMGA
082 0 4 _aCo863.09 C677
100 1 _aCortazar, Roberto
_910179
245 1 0 _aLa Novela en Colombia :
_bestudio introductorio de Gonzalo España
260 _aMedellín :
_bFondo Editorial Universidad Eafit,
_c2003
300 _a196 p.
590 _aForma de adquisición : Premio Mincultura
650 1 4 _aNOVELA HISTORICA COLOMBIAN
_928579
942 _2ddc
_cBK
999 _c28871
_d28871